Mundo maya : México /
Guía turística audiovisual sobre las principales atracciones de cinco estados del sureste mexicano: Quintana Roo, Yucatán y Campeche, las tres entidades integrantes de la península yucateca, Chiapas y Tabasco, que comparten como dos de sus principales rasgos comunes haber sido lugar de asentamiento...
সংরক্ষণ করুন:
| প্রধান লেখক: | |
|---|---|
| অন্যান্য লেখক: | , , |
| বিন্যাস: | |
| ভাষা: | স্প্যানিশ |
| মালা: | (Ciudades del México Antiguo)
|
| বিষয়গুলি: | |
| ট্যাগগুলো: |
কোনো ট্যাগ নেই, প্রথমজন হিসাবে ট্যাগ করুন!
|
MARC
| LEADER | 00000ngm^a2200000^a^4500 | ||
|---|---|---|---|
| 001 | 000187029 | ||
| 005 | 20250521000000.0 | ||
| 009 | 20260310102247.486 | ||
| 037 | |a Acervo ITESO - Biblioteca | ||
| 041 | |a ESP | ||
| 082 | |a 917. 204 |b INF V. 1 | ||
| 100 | |a Infante, Gonzalo |e (realización) | ||
| 245 | 1 | 0 | |a Mundo maya : |b México / |c Realización de G. Infante. |
| 264 | |a México : |b Imagen : |b C/Producciones, |c copyright fecha no identificada | ||
| 264 | |a México : |b C/Producciones [distribución], |c copyright fecha no identificada | ||
| 264 | |a México : |b Imagen : |b C/Producciones, |c copyright fecha no identificada | ||
| 264 | |a México : |b C/Producciones [distribución], |c copyright fecha no identificada | ||
| 300 | |a 1 DVD multirregión |c (27 min.) | ||
| 336 | |a imagen móvil bidimensional |b tdi |2 rdacontenido | ||
| 337 | |a video |b v |2 rdamedio | ||
| 338 | |a videodisco |b vd |2 rdasoporte | ||
| 440 | 1 | |a (Ciudades del México Antiguo) | |
| 520 | |a Guía turística audiovisual sobre las principales atracciones de cinco estados del sureste mexicano: Quintana Roo, Yucatán y Campeche, las tres entidades integrantes de la península yucateca, Chiapas y Tabasco, que comparten como dos de sus principales rasgos comunes haber sido lugar de asentamiento de la antigua civilización maya y albergar numerosos vestigios arquitectónicos, escultóricos y pictóricos de la misma. Aunque las zonas arqueológicas, incluido el sitio olmeca de La Venta, conforman el núcleo de la visita propuesta, también son incluidas localidades ricas en arte colonial, haciendas, reservas ecológicas y parques naturales, playas y comentarios acerca de la gastronomía de la región. Cada uno de los puntos de interés es abordado en forma de una pequeña cápsula, acompañada de un comentario igualmente breve. Al parecer, se trata del primero de al menos dos tomos titulados Mundo maya. Producción audiovisual correspondiente a una segunda etapa de la serie Ciudades del México antiguo, cuando su producción ya fue asumida completamente por la compañía C/Producciones, sin la participación de entidades estatales. Esta presentación en DVD incluye el siguiente material complementario: 1. Un resumen de Mundo maya (11 minutos) y 2. Una cápsula o presentación general de Ciudades del México antiguo (12 minutos). | ||
| 649 | |a XX | ||
| 650 | |a Guías Turísticas | ||
| 650 | |a Quintana Roo - |x Descripción - |x Guías Turísticas | ||
| 650 | |a Campeche - |x Descripción - |x Guías Turísticas | ||
| 650 | |a Yucatán - |x Descripción - |x Guías Turísticas | ||
| 650 | |a Yucatán (Península) - |x Descripción - |x Guías Turísticas | ||
| 650 | |a Chiapas - |x Descripción - |x Guías Turísticas | ||
| 650 | |a Tabasco - |x Descripción - |x Guías Turísticas | ||
| 650 | |a México (Región Sureste) - |x Descripción - |x Guías Turísticas | ||
| 650 | |a México - |x Descripción - |x Guías Turísticas | ||
| 650 | |a Arte Maya - |z México - |x Historia y Crítica | ||
| 650 | |a Arte Maya - |x Historia y Crítica | ||
| 650 | |a Arte Prehispánico - |z México - |x Historia y Crítica | ||
| 650 | |a Arte Prehispánico - |x Historia y Crítica | ||
| 650 | |a Arte Mexicano - |x Historia y Crítica | ||
| 650 | |a Turismo Cultural - |z México | ||
| 650 | |a Ecoturismo - |z México | ||
| 650 | |a Turismo de Sol y Playa - |z México | ||
| 650 | |a Turismo - |z México | ||
| 700 | |a Rocha, Claudio |e (fotógrafo) | ||
| 700 | |a Domínguez, Luis A. |e (montaje) | ||
| 700 | |a Giacomán, Alejandro |e (música) | ||
| 910 | |a Fondo General | ||
| 920 | |a Audiovisuales - DVDs | ||
| 905 | |a 302 | ||
| 901 | |a 0500088734 |b IT2 |c DVS |u 20250521 | ||
| 902 | |a https://opac.biblio.iteso.mx/vufind/Record/000187029 | ||